000 00359pam a2200157a 44500
008 230515b1988 xxu||||| |||| 00| 0 eng d
020 _aNULL
041 _aENGLISH
082 _a630
100 _aJOSHI P B
245 _aENGINEERING THERMODYNAMICS
250 _a2
260 _aDELHI
_bPEDIATRIC CLINICS OF INDIA
_c1988
300 _a288
650 _aNULL
999 _c651431
_d651431